000
00329nam a2200133Ia 4500
008
260604s9999 xx 000 0 und d
020
_a
9781319545093
082
_a
519 NOL
100
_a
SUSAN NOLAN
_9
35165
245
0
_a
STATISTICS FOR THE BEHAVIORAL SCIENCES
260
_b
FREEMAN
500
_a
Statistics, Science
942
_c
BK
999
_c
7925
_d
7925